1224 1336 1620 1403 1725 1609 1869 1082 1630 1648 1210 1958 1006 1730 1306 1088 1670 1608 1279 1562 1242 1839 1317 1062 1446 1437 1785 1221 1640 1303 1805 1476 1816 1764 1094 1100 1497 1449 1859 1760 1221 1962 1591 1797 1134 1176 1492 1414 1737 1404 1504 1168 1442 1814 1128 1606 1771 1356 1750 1593 1253 1824 1422 1054 1415 1991 1962 1920 1776 1705 1307 1254 1879 1440 1763 1513 1803 1762 1573 1384 1273 1907 1534 1639 1559 1214 1655 1945 1077 1161 1417 1856 1009 1445 1433 1571 1204 1942 1303 BCNSPRNW ULIB Ver.6.0+V

เปลี่ยนเป็นภาษาไทย

Change to English
 แสดงรายละเอียดบรรณานุกรม
  กลับหน้าหลัก

Brief Record : Get Marc (ISO 2709) : E-mail record : QR code < ปิดหน้าต่าง
LEADER : 00000nam 2200000uu 4500
001    13399114194
003     ULIB
008    110627s||||||||th 000 0 tha d
020    9786167081502
090    นว.^bศ284บ 2553
100 0  ศลิษา
245 00 บงการรักลิขิตเสน่หา/^cศลิษา,นามแฝง
250    พิมพ์ครั้งที่ 1
260    กรุงเทพฯ :^bสมาร์ทบุ๊ค,^c2553
300    368 หน้า
710 1  สมาร์ทบุ๊ค
945    ^p250^l0^i028047
995    ทศพร
999 ^a ใช้งานได้ทุกระบบ
รายการนี้ยังไม่มีแท็ก
คุณยังไม่ได้ล็อกอิน คุณสามารถมีกิจกรรมร่วมกับเว็บไซต์ได้ แต่ต้องล็อกอินก่อน ::
  ล็อกอิน

รายการสื่อสารสนเทศ

ลำดับที่ ประเภท เลขเรียก/บาร์โค้ด สถานที่ สถานะ
1. นวนิยาย
นวนิยาย
นว. ศ284บ 2553 ฉ.1 
  Barcode: 028047
ห้องสมุดวิทยาเขตสวรรค์ประชารักษ์
►นวนิยาย
บนชั้น
  ขอยืม

BibComment


ยังไม่เคยถูกคอมเมนท์

คอมเมนท์ทรัพยากรรายการนี้
  คอมเมนท์: บงการรักลิขิตเสน่..


 Copyright 2026. Bcnsprnw @Library